مبادئ المنطق الرمزي / (Record no. 33493)
[ view plain ]
| 000 -LEADER | |
|---|---|
| fixed length control field | 00591nam a22001937a 4500 |
| 003 - CONTROL NUMBER IDENTIFIER | |
| control field | JO-AjAnu |
| 005 - DATE AND TIME OF LATEST TRANSACTION | |
| control field | 20240528140717.0 |
| 008 - FIXED-LENGTH DATA ELEMENTS--GENERAL INFORMATION | |
| fixed length control field | 240528b jo ||||| |||| 00| 0 ara d |
| 040 ## - CATALOGING SOURCE | |
| Transcribing agency | JO-AjAnu |
| 041 ## - LANGUAGE CODE | |
| Language code of text/sound track or separate title | ara |
| 050 ## - LIBRARY OF CONGRESS CALL NUMBER | |
| Classification number | BC99 |
| Item number | 2019 |
| 100 #1 - MAIN ENTRY--PERSONAL NAME | |
| Personal name | علي، حسين |
| 9 (RLIN) | 65427 |
| Relator term | مؤلف |
| 245 #0 - TITLE STATEMENT | |
| Title | مبادئ المنطق الرمزي / |
| Statement of responsibility, etc. | حسين علي |
| 250 ## - EDITION STATEMENT | |
| Edition statement | الطبعة الاولى |
| 260 ## - PUBLICATION, DISTRIBUTION, ETC. | |
| Place of publication, distribution, etc. | عمان : |
| Name of publisher, distributor, etc. | دار الجوهرة للنشر والتوزيع، |
| Date of publication, distribution, etc. | 2019 |
| 300 ## - PHYSICAL DESCRIPTION | |
| Extent | 198 صفحة |
| 650 70 - SUBJECT ADDED ENTRY--TOPICAL TERM | |
| Topical term or geographic name entry element | المنطق الرمزي |
| 9 (RLIN) | 65428 |
| 942 ## - ADDED ENTRY ELEMENTS (KOHA) | |
| Source of classification or shelving scheme | Library of Congress Classification |
| Koha item type | Books |
| Suppress in OPAC | No |
| Withdrawn status | Lost status | Source of classification or shelving scheme | Damaged status | Not for loan | Home library | Current library | Date acquired | Total Checkouts | Full call number | Barcode | Date last seen | Price effective from | Koha item type |
|---|---|---|---|---|---|---|---|---|---|---|---|---|---|
| Library of Congress Classification | مكتبة جامعة عجلون الوطنية | مكتبة جامعة عجلون الوطنية | 28/05/2024 | BC99.2019 | A27083 | 28/05/2024 | 28/05/2024 | Books | |||||
| Library of Congress Classification | مكتبة جامعة عجلون الوطنية | مكتبة جامعة عجلون الوطنية | 28/05/2024 | BC99.2019 | A27084 | 28/05/2024 | 28/05/2024 | Books |